Statistics for Kardashian Family Quiz

Click here to take the quiz!

General Stats

  • This quiz has been taken 927 times
  • The average score is 11 of 14

Answer Stats

HintAnswer% Correct
Mother and "momager"Kris Jenner
98%
Most famous daughterKim Kardashian
97%
Youngest daughterKylie Jenner
96%
Model daughterKendall Jenner
95%
Third daughterKhloe Kardashian
95%
Eldest daughterKourtney Kardashian
95%
Deceased father and lawyerRobert Kardashian
93%
SonRob Kardashian
89%
Former husband to Kris JennerBruce Jenner
88%
Rapper married to daughterKanye West
86%
First son of eldest daughterMason
72%
Daughter of eldest daughterPenelope
72%
Fathered eldest daughter's childrenScott Disick
55%
Athlete former husband of daughterKris Humpries
5%

Score Distribution

Percentile by Number Answered

Percent of People with Each Score

Your Score History

You have not taken this quiz